Political women in Japan: the search for a place in political life (Record no. 351026)

000 -LEADER
fixed length control field 00400cam a22001217a 4500
008 - FIXED-LENGTH DATA ELEMENTS--GENERAL INFORMATION
fixed length control field 180718b1981 xxu||||| |||| 00| 0 eng d
082 ## - DEWEY DECIMAL CLASSIFICATION NUMBER
Classification number B142x52 P495
100 ## - MAIN ENTRY--PERSONAL NAME
Personal name Pharr, Susan J.
245 ## - TITLE STATEMENT
Title Political women in Japan: the search for a place in political life
Statement of responsibility, etc. by Susan J. Pharr
260 ## - PUBLICATION, DISTRIBUTION, ETC.
Place of publication, distribution, etc. Berkeley
Name of publisher, distributor, etc. University of California Press
Date of publication, distribution, etc. 1981
300 ## - PHYSICAL DESCRIPTION
Extent 239p.
650 ## - SUBJECT ADDED ENTRY--TOPICAL TERM
Topical term or geographic name entry element Women in politics - Japan.
Holdings
Withdrawn status Lost status Damaged status Not for loan Permanent Location Current Location Date acquired Full call number Barcode Date last seen Price effective from Koha item type
        Indian Institute of Public Administration Indian Institute of Public Administration 2009-06-25 B142x52 P495 58211 2018-07-21 2018-07-21 Book

Powered by Koha